000 01512pam a2200457 a 4500
999 _c212
_d212
001 019411010
003 UkOxU
005 20190801102108.0
008 100414m20102012enka 6 000 1 eng
015 _aGBB052205
_2bnb
020 _a9780007354993 (v. 3 : pbk.) :
035 _a(OCoLC)619895476
035 _a(Uk)015534753
040 _aStDuBDS
_beng
_cStDuBDS
_dUk
_dUkOxU
042 _aukblsr
082 0 4 _aFIC MAR
_222
100 1 _aMarr, Melissa.
245 1 0 _aWicked lovely :
_bdesert tales /
_cstory by Melissa Marr ; art by Xian Nu Studios, [Irene Diaz & Laura Moreno].
246 _aDesert tales :
_bresolve
260 _aLondon :
_bHarperCollins Children's,
_c2010-2012.
300 _a3 v. :
_bchiefly ill. ;
_c19 cm.
500 _a"A Tokyopop manga"--Facing t.p.
500 _aFormerly CIP.
_5Uk
505 0 _av. 1. Sanctuary -- v. 2. Challenge -- v. 3. Resolve.
521 8 _aRating: T for teen, age 13+.
650 0 _aFairies
_vComic books, strips, etc.
_vFiction.
650 0 _aGraphic novels.
655 0 _aFantasy comic books, strips, etc.
655 0 _aYoung adult fiction.
655 0 _aGraphic novels.
700 1 _aDiaz, Irene.
700 1 _aMoreno, Laura,
_d1983-
700 1 2 _aMarr, Melissa.
_tSanctuary.
700 1 2 _aMarr, Melissa.
_tChallenge.
700 1 2 _aMarr, Melissa.
_tResolve.
710 2 _aXian Nu Studio.
942 _2ddc
_cFIC